Elektrothermie ; die elektrische Erzeugung und technische Anwendung hoher Temperaturen /

Bibliographic Details
Main Author: Pirani, M. (Marcello), 1880-1968
Format: Book
Language:German
Published: Berlin : Springer, 1960.
Edition:2. vollig neubearb. und erweiterte Aufl.
Subjects:

MARC

Tag First Indicator Second Indicator Subfields
LEADER 00000cam a2200000 4500
001 in00000051662
005 20151007073934.0
008 780619s1960 wb a b 00000 ger c
010 |a a 61003280  
035 |a (OCoLC)03985628 
035 |9 AAF0656AM 
040 |a Illinois. Univ. Library.  |c NRC  |d NRC  |d TXA  |d UtOrBLW 
049 |a TXAM  |c [337185] 
050 0 0 |a TK4661  |b .P5 1960 
092 |a 621.396  |b P667e, 1960 
100 1 |a Pirani, M.  |q (Marcello),  |d 1880-1968. 
245 1 0 |a Elektrothermie ;  |b die elektrische Erzeugung und technische Anwendung hoher Temperaturen /  |c Bearb. von G. Breil [and others]. 
250 |a 2. vollig neubearb. und erweiterte Aufl. 
264 1 |a Berlin :  |b Springer,  |c 1960. 
300 |a xii, 451 pages :  |b illustrations, diagrams, tables. ;  |c 24 cm. 
336 |a text  |b txt  |2 rdacontent 
337 |a unmediated  |b n  |2 rdamedia 
338 |a volume  |b nc  |2 rdacarrier 
504 |a Bibliography: pages [417]-433. 
650 0 |a Electric furnaces. 
999 |a MARS 
999 f f |s 8729f6e7-577a-3b8e-8c13-617444766d54  |i d1b80e45-6092-3e5c-b877-373d1b26be52  |t 0 
952 f f |p ric  |a Texas A&M University  |b Rellis Campus  |c Joint Library Facility  |d Remote Storage  |t 0  |e TK4661 .P5 1960  |h Library of Congress classification  |i unmediated -- volume  |m A14801040212 
998 f f |a TK4661 .P5 1960  |t 0  |l Remote Storage